LDR 01302nam a2200277 4500 001 000000366962 003 CaOOAMICUS 005 20260326152942.0 008 260320s2024 it 000 u ita r 020 $a978-88-17-19312-2 040 $aSeMil$bita 100 1 $aSama, Carlo,$d<1948- >.$0(OLS)http://semarc/name/123968 245 13$aLa caduta di un impero :$b1993: Montedison, Ferruzzi, Enimont /$cCarlo Sama ; introduzione di Alessandra Ferruzzi. 264 1$aMilano :$bRizzoli,$c2024. 300 $a186 p. ;$c22 cm 650 4$aFinanza - Italia - Diari e memorie.$0(OLS)http://semarc/subject/59867 650 4$aProcesso Enimont <1993-2000>.$0(OLS)http://semarc/subject/59868 700 1 $aFerruzzi, Alessandra.$0(OLS)http://semarc/name/123969 850 $aSeMil 852 $aSeMil$W1$xVenegono$y1$m3N III 569$j269140$B257705$CSeMilBibl$Z2$F257705 $81 941 1 $a7 961 $aOmaggio mons. Mario Delpini. – Con dedica autografa dell'autore (Carlo Sama) a mons. Delpini (2 marzo 2026) 996 $6020$a978-88-17-19312-2$9(OLS)http://semarc/number/305557 996 $6245$aLa caduta di un impero :$b1993: Montedison, Ferruzzi, Enimont$9(OLS)http://semarc/title/458769 996 $6264$aMilano :$bRizzoli$9(OLS)http://semarc/publisher/29824